| 000 | 01236nam a22003134a 4500 | ||
|---|---|---|---|
| 001 | ebr10023307 | ||
| 003 | CaPaEBR | ||
| 006 | m u | ||
| 007 | cr cn||||||||| | ||
| 008 | 010717s2002 ctua sb 001 0 eng | ||
| 010 | _z 2001049185 | ||
| 020 | _z9780313011542 | ||
| 020 | _z1567204228 (alk. paper) | ||
| 040 |
_aCaPaEBR _cCaPaEBR |
||
| 035 | _a(OCoLC)567919859 | ||
| 050 | 1 | 4 |
_aHD58.9 _b.W55 2002eb |
| 082 | 0 | 4 |
_a658.4/063 _221 |
| 100 | 1 | _aWilliams, Lloyd C. | |
| 245 | 1 | 0 |
_aCreating the congruent workplace _h[electronic resource] : _bchallenges for people and their organizations / _cLloyd C. Williams. |
| 260 |
_aWestport, Conn. : _bQuorum Books, _c2002. |
||
| 300 |
_axx, 207 p. : _bill. |
||
| 504 | _aIncludes bibliographical references (p. 197-202) and index. | ||
| 533 |
_aElectronic reproduction. _bPalo Alto, Calif. : _cebrary, _d2013. _nAvailable via World Wide Web. _nAccess may be limited to ebrary affiliated libraries. |
||
| 650 | 0 | _aOrganizational effectiveness. | |
| 650 | 0 | _aWork environment. | |
| 655 | 7 |
_aElectronic books. _2local |
|
| 710 | 2 | _aebrary, Inc. | |
| 856 | 4 | 0 |
_uhttp://site.ebrary.com/lib/rucke/Doc?id=10023307 _zAn electronic book accessible through the World Wide Web; click to view |
| 999 |
_c7731 _d7731 |
||